000 00755nam a2200241Ia 4500
003 OSt
005 20220926005215.0
006 a|||||r|||| 00| 0
007 ta
008 220923b |||||||| |||| 00| 0 eng d
020 _a0803996381
037 _cGeneral Book
040 _aRTL
_cRTL
_beng
041 _2eng
_aeng
082 _aU43:(G:55).2.N8, N0/TD3
100 _aIndiresan P V
_9309859
245 0 _aManaging development
_bDecentralisation geographical socialism and urban replication
260 _a New Delhi
_bSage Publications
_c1990
300 _a284p.
_ccm.
500 _aBibliography:P275-79; Glossary:P268-74
942 _hU43:(G:55).2.N8, N0/TD3
_cGB
_2CC
999 _c613174
_d613174